000 00297nam a22001337a 4500
008 170622b xxu||||| |||| 00| 0 eng d
020 _a9780199548637
041 _aeng
080 _23 ED
_a32
100 _a21
101 _aSHP
245 _aEUROPEAN UNION POLITICS
_cCINI.M
942 _2udc
_cBK
999 _c18650
_d18650